Die Hallstattkultur (Record no. 9993)

MARC details
000 -CABECERA
campo de control de longitud fija 01080nam a2200265 a 4500
001 - NÚMERO DE CONTROL
campo de control BRL_1181
005 - FECHA Y HORA DE LA ÚLTIMA TRANSACCIÓN
campo de control 20190320211054.0
008 - DATOS DE LONGITUD FIJA--INFORMACIÓN GENERAL
campo de control de longitud fija 221113s1980----gw-ab#####---#000-0#ger-#
020 ## - NÚMERO INTERNACIONAL ESTÁNDAR DEL LIBRO
Número Internacional Estándar del Libro 3852142784
041 ## - CÓDIGO DE LENGUA
Código de lengua del texto/banda sonora o título independiente ger
044 ## - CÓDIGO DEL PAÍS DE LA ENTIDAD EDITORA/PRODUCTORA
Código MARC del país gw
050 #4 - SIGNATURA TOPOGRÁFICA DE LA BIBLIOTECA DEL CONGRESO
Número de clasificación GN780.2.H3
Número de documento/Ítem .H35 1980
245 10 - MENCIÓN DE TÍTULO
Título Die Hallstattkultur
Resto del título Frühform europäischer Einheit ; Internationale Ausstellung des Landes Oberösterreich, 25. April bis 26. Oktober 1980, Schloss Lamberg, Steyr
Mención de responsabilidad, etc. Herausgeber, Land Oberösterreich, Amt der Oö. Landesregierung, Abteilung Kultur ; Leiter, Karl Pömer ; Schriftleitung, Dietmar Straub.
260 ## - PUBLICACIÓN, DISTRIBUCIÓN, ETC.
Lugar de publicación, distribución, etc. Linz
Nombre del editor, distribuidor, etc. In Kommission beim Oö. Landesverlag
Fecha de publicación, distribución, etc. 1980
300 ## - DESCRIPCIÓN FÍSICA
Extensión 333 p.
Otras características físicas il. (algunas a color), mapas
Dimensiones 21 cm.
500 ## - NOTA GENERAL
Nota general Au1351
504 ## - NOTA DE BIBLIOGRAFÍA, ETC.
Nota de bibliografía, etc. Bibliografía: p. 150-154
650 14 - PUNTO DE ACCESO ADICIONAL DE MATERIA--TÉRMINO DE MATERIA
Término de materia o nombre geográfico como elemento de entrada Período de Hallstatt
Subdivisión de forma Exposiciones
9 (RLIN) 26029
651 #4 - PUNTO DE ACCESO ADICIONAL DE MATERIA--NOMBRE GEOGRÁFICO
Nombre geográfico Europa central
Subdivisión de forma Exposiciones
Subdivisión general Antigüedades
9 (RLIN) 26030
700 1# - PUNTO DE ACCESO ADICIONAL--NOMBRE DE PERSONA
Nombre de persona Pömer, Karl
9 (RLIN) 26031
700 1# - PUNTO DE ACCESO ADICIONAL--NOMBRE DE PERSONA
Nombre de persona Straub, Dietmar
9 (RLIN) 26032
710 2# - PUNTO DE ACCESO ADICIONAL--NOMBRE DE ENTIDAD CORPORATIVA
Nombre de entidad corporativa o nombre de jurisdicción como elemento de entrada Upper Austria (Austria)
Unidad subordinada Abteilung Kultur
9 (RLIN) 26033
902 ## - CATALOGADOR
Iniciales GRL
942 ## - ELEMENTOS DE PUNTO DE ACCESO ADICIONAL (KOHA)
Fuente del sistema de clasificación o colocación Library of Congress Classification
Tipo de ítem Koha Libros
Holdings
Estado de retiro Estado de pérdida Estado dañado No para préstamo Localización permanente Ubicación/localización actual Fecha de adquisición Número de inventario Total de préstamos Signatura topográfica completa Código de barras Fecha visto por última vez Precio válido a partir de Tipo de ítem Koha
El ejemplar forma parte de la colección y puede ser consultado según las políticas vigentes.       Biblioteca Centro de Estudios Ruth D. Lechuga Biblioteca Centro de Estudios Ruth D. Lechuga 22/11/2013 Au1351   GN780.2.H3 .H35 1980 (Au1351) GRL01298 22/03/2019 22/03/2019 Libros